Normal view
MARC view
Entry Personal Name
001 - CONTROL NUMBER
- control field: 22843
003 - CONTROL NUMBER IDENTIFIER
- control field: OSt
005 - DATE AND TIME OF LATEST TRANSACTION
- control field: 20210223142013.0
008 - FIXED-LENGTH DATA ELEMENTS
- fixed length control field: 210223|| aca||aabn | a|a d
040 ## - CATALOGING SOURCE
- Original cataloging agency: OSt
- Transcribing agency: OSt
100 ## - HEADING--PERSONAL NAME
- Personal name: Sharma, Rajiv (ed.)
670 ## - SOURCE DATA FOUND
- Source citation: Work cat.: (OSt): Sharma, Rajiv (ed.), Good governance :, 2010
